Satanské tango /

Tísnivé bezčasí, prázdnotu a beznaděj v životech posledních několika obyvatel opuštěné vesnice rozvíří příchod dvou bývalých rodáků, které nikdo nečekal. Zásadní román nositele Nobelovy ceny za literaturu o zkáze, prázdnotě a beznaději.

Uloženo v:
Hlavní autor: Krasznahorkai, László, 1954- (Autor)
Další autoři: Kolmanová, Simona, 1965- (Autor)
Médium: Kniha
Jazyk:Czech
Vydáno: Brno : Host, 2026
Vydání:Druhé vydání
Témata:
Celkem bylo vypůjčeno:0x
Tagy:
Žádné tagy
LEADER 02677nam a2200409 i 4500
001 106459
003 CZ PrNK
005 20260603105640.0
007 ta
008 260518s2026 xr g 000 f cze
015 |a cnb003752426 
020 |a 9788027529889  |q (vázáno) 
040 |a ABG001  |b cze  |e rda 
041 1 |a cze  |h hun 
072 7 |a 821.51  |x Uraloaltajské literatury  |2 Konspekt  |9 25 
080 |a 821.511.141-31  |2 MRF 
080 |a (0:82-31)  |2 MRF 
100 1 |a Krasznahorkai, László,  |d 1954-  |7 jo2003180380  |4 aut  |9 5502 
240 1 0 |a Sátántangó. 
245 1 0 |a Satanské tango /  |c László Krasznahorkai ; přeložila Simona Kolmanová 
250 |a Druhé vydání 
264 1 |a Brno :  |b Host,  |c 2026 
300 |a 285 stran ;  |c 21 cm 
336 |a text  |b txt  |2 rdacontent 
337 |a bez média  |b n  |2 rdamedia 
338 |a svazek  |b nc  |2 rdacarrier 
500 |a Přeloženo z maďarštiny 
500 |a Na obálce uvedeno: Nobelova cena za literaturu 2025 
520 2 |a Tísnivé bezčasí, prázdnotu a beznaděj v životech posledních několika obyvatel opuštěné vesnice rozvíří příchod dvou bývalých rodáků, které nikdo nečekal. Zásadní román nositele Nobelovy ceny za literaturu o zkáze, prázdnotě a beznaději.  |b Satanské tango nás sugestivně vtahuje do pochmurné, deštivé atmosféry maďarské pusty jako sociální reality. Čtenář se tu setkává s vizí univerzální zkázy, která propojuje aktuální i nadčasové. Prolíná se tu dvojí řád věcí: neustálý zánik a snaha tento proces staticky zachytit a popsat. Věci se nám často jeví jako nadpozemsky neracionální, aby se zpětně ukázala jejich pozemská racionalita. Román ani po čtyřiceti letech neztrácí na aktuálnosti: otázky lidské důstojnosti, svobody, respektive chudoby, závislosti, možnost vymanění se a úniku patří k těm hlavním, s nimiž se postavy románu ve světě metafyzické všednosti a vizionářského realismu potýkají. Motto z Kafkova Zámku připomíná všudypřítomnou absurditu a beznaděj, ale také ironii a nadsázku. Děj a struktura románu se odvíjejí v rytmu tanga, v kruhu, závěr románu nás vrací opět na začátek. Opravdu není úniku? Nakladatelská anotace. 
655 7 |a maďarské romány  |7 fd132816  |2 czenas  |9 53710 
655 9 |a Hungarian fiction  |2 eczenas 
700 1 |a Kolmanová, Simona,  |d 1965-  |7 mzk2003194871  |4 trl  |9 5503 
710 2 |a Host (vydavatelství)  |7 ko2003163544  |4 pbl  |9 117148 
910 |a UOG502 
942 |2 ddc  |c KN 
999 |d 106459 
993 |0 0  |1 421180107176  |2 ddc  |4 0  |7 0  |9 99895  |b 0  |c 107176  |d 2026-06-03  |e 0  |f DOSP  |h 499.00  |i Koupě  |l DOSP  |r 2026-06-03  |t 6  |w 2026-06-03  |y KN  |z BELET  |n